| 000 | 00781nmm a2200301 a 4500 | ||
|---|---|---|---|
| 003 | AR-BaBNM | ||
| 005 | 20251128202939.0 | ||
| 008 | 117019s1976 ||||||||||||||000 | spa|| | ||
| 040 | _cAR-BaBNM | ||
| 100 | 1 | _aBorda, Guillermo A. | |
| 245 | 1 | 0 |
_aTratado de derecho civil _bobligaciones _n2 |
| 250 | _a4ª ed. aum. y corr. | ||
| 260 |
_aBuenos Aires _bPerrot _c1976 |
||
| 300 | _a570 p. | ||
| 500 | _aIndices p. 529-570 | ||
| 504 | _aContiene bibliografía a pie de página | ||
| 650 | 4 | _aDERECHO CIVIL | |
| 650 | 4 | _aOBLIGACIONES | |
| 650 | 4 | _aCONTRATOS | |
| 650 | 4 | _aDELITOS | |
| 650 | 4 | _aRESPONSABILIDAD LEGAL | |
| 650 | 4 | _aDANOS Y PERJUICIOS | |
| 650 | 4 | _aLEGISLACION ARGENTINA | |
| 650 | 4 | _aCODIGOS | |
| 651 | 4 | _aArgentina | |
| 942 | _cBK | ||
| 998 | _cAndrea | ||
| 999 |
_c1247 _d1247 |
||